000 00966nam a22002891a 4500
001 22719
003 SK-KTurca
005 20260421152128.0
008 090725s1984 SK r 000 slo d
035 _a(SVKBBclas03)vtls000167116
040 _aSVKBB
_bslo
_cSVKBB
_eAACR2
041 0 _aslo
080 _a94(437.6)"1944/1945"
080 _a355.4"1944/1945"
080 _a94(437)"1944/1945"
100 1 _aFajtl, František
245 0 0 _aPrví doma
_cFrantišek Fajtl; z čes. orig. prel. Mária Korbellová; fotogr. Ladislav Valoušek
250 _a1. vyd.
260 _aBratislava
_bPravda
_c1984
300 _a284 s.
_eViaz. príl.
650 0 7 _aSlovenské národné povstanie (1944)
_xspomienky
_2hŠVKBB
650 0 7 _aprotifašistický odboj
_zStredoslovenský kraj
_y1944-1945
_2hŠVKBB
700 1 _aKorbellová, Mária
_4trl
700 1 _aValoušek, Ladislav
_4pht
942 _2ddc
_cKLDO
_n0
999 _c22719
_d22719